Southville International School and Colleges
Your cart is empty.
  • Cart
  • Lists
    Public lists Eva Luna New books Lux_list list_1
    Your lists Log in to create your own lists
  • Log in to your account
  • Your cookies
  • Search history
Southville International School and Colleges
  • Advanced search
  • Recent comments
  • Most popular
  • Libraries

Log in to your account

Log in with GOOGLE


If you do not have an external account, but do have a local account, you can still log in:

  1. Home
  2. MARC view: Essential mental health nursing skills /
Normal view MARC view ISBD view

Essential mental health nursing skills / (Record no. 23910)

[ view plain ]
MARC details
000 -LEADER
fixed length control field 00647nam a2200217 a 4500
005 - DATE AND TIME OF LATEST TRANSACTION
control field 20140310183501.0
008 - FIXED-LENGTH DATA ELEMENTS--GENERAL INFORMATION
fixed length control field 100223s19uu xx 00 eng d
020 ## - INTERNATIONAL STANDARD BOOK NUMBER
International Standard Book Number 9780723433484
050 ## - LIBRARY OF CONGRESS CALL NUMBER
Classification number RC 440
Item number .Oc43 2007
100 ## - MAIN ENTRY--PERSONAL NAME
Personal name O'Carroll, Madeline
245 ## - TITLE STATEMENT
Title Essential mental health nursing skills /
Statement of responsibility, etc Madeline O'Carroll, Alistair Park, Maggie Nicol.
260 ## - PUBLICATION, DISTRIBUTION, ETC. (IMPRINT)
Place of publication, distribution, etc London :
Name of publisher, distributor, etc Elsevier,
Date of publication, distribution, etc 2007.
300 ## - PHYSICAL DESCRIPTION
Extent 255 p. :
Other physical details col. ill. ;
Dimensions 26 cm.
521 ## - TARGET AUDIENCE NOTE
Target audience note
650 ## - SUBJECT ADDED ENTRY--TOPICAL TERM
Topical term or geographic name as entry element Psychiatric nursing.
650 ## - SUBJECT ADDED ENTRY--TOPICAL TERM
Topical term or geographic name as entry element Mental Disorders
General subdivision nursing.
700 ## - ADDED ENTRY--PERSONAL NAME
Personal name Park, Alistair
700 ## - ADDED ENTRY--PERSONAL NAME
Personal name Nicol, Maggie
942 ## - ADDED ENTRY ELEMENTS (KOHA)
Koha item type Books
Source of classification or shelving scheme Library of Congress Classification
Call number prefix Foreign
Holdings
Withdrawn status Lost status Source of classification or shelving scheme Damaged status Home library Current library Shelving location Date acquired Source of acquisition Total Checkouts Full call number Barcode Date last seen Copy number Price effective from Koha item type
    Library of Congress Classification   College Library College Library General Circulation Section 01/14/2014 Donation   RC 440 .Oc43 2007 C11144 05/15/2018 1 01/14/2014 Books

Essential mental health nursing skills /

APA

O'Carroll M., Park A. & Nicol M. (2007). Essential mental health nursing skills. London: Elsevier.

Chicago

O'Carroll Madeline, Park Alistair and Nicol Maggie. 2007. Essential mental health nursing skills. London: Elsevier.

Harvard

O'Carroll M., Park A. and Nicol M. (2007). Essential mental health nursing skills. London: Elsevier.

MLA

O'Carroll Madeline, Park Alistair and Nicol Maggie. Essential mental health nursing skills. London: Elsevier. 2007.

  • Place hold
  • Print
  • Cite
  • Add to your cart (remove)
  • Save record
    BIBTEX Dublin Core MARCXML MARC (non-Unicode/MARC-8) MARC (Unicode/UTF-8) MARC (Unicode/UTF-8, Standard) MODS (XML) RIS
  • More searches
    Search for this title in:
    Other Libraries (WorldCat) Other Databases (Google Scholar) Online Stores (Bookfinder.com) Open Library (openlibrary.org)

Exporting to Dublin Core...

SOUTHVILLE LIBRARY

Southville International School and Colleges Library

1281 Tropical Ave. Cor. Luxembourg St., BF Homes International, Las Pinas City

Tel. No. 8256374 / 252358 Loc. 117/146

Powered by Koha